5HLuxD.jpg

KING HENRY VIII SENIOR AND PRIMARY SCHOOL LIBRARY OPAC

Evolution : the incredible story of life on Earth / (Record no. 3116)

000 -LEADER
fixed length control field 01002nam a22002417a 4500
005 - DATE AND TIME OF LATEST TRANSACTION
control field 20231016120010.0
008 - FIXED-LENGTH DATA ELEMENTS--GENERAL INFORMATION
fixed length control field 231016b ||||| |||| 00| 0 eng d
020 ## - INTERNATIONAL STANDARD BOOK NUMBER
International Standard Book Number 9781910684245
040 ## - CATALOGING SOURCE
Transcribing agency KH8
082 ## - DEWEY DECIMAL CLASSIFICATION NUMBER
Classification number 567.9 RAK
100 ## - MAIN ENTRY--PERSONAL NAME
Personal name Rake, Matthew
Relator term Author
245 ## - TITLE STATEMENT
Title Evolution : the incredible story of life on Earth /
Statement of responsibility, etc. Matthew Rake
260 ## - PUBLICATION, DISTRIBUTION, ETC.
Place of publication, distribution, etc. Edenbridge, Kent,
Name of publisher, distributor, etc. Hungry Banana,
Date of publication, distribution, etc. 2019
300 ## - PHYSICAL DESCRIPTION
Extent 94 pages :
Other physical details colour illustrations,
Dimensions 28 cm.
Accompanying material colour maps ;
500 ## - GENERAL NOTE
General note <br/>Includes index
520 ## - SUMMARY, ETC.
Summary, etc. Ackerley the Acanthostega takes you on a journey through time to explore the development of life on our planet from the earliest organisms of 3.6 billion years ago through to the arrival of primates and then modern humans who have been around for less than 200000 years
521 ## - TARGET AUDIENCE NOTE
Target audience note Ages 7+
650 ## - SUBJECT ADDED ENTRY--TOPICAL TERM
Topical term or geographic name entry element Evolution
650 ## - SUBJECT ADDED ENTRY--TOPICAL TERM
Topical term or geographic name entry element Evolution (Biology)
650 ## - SUBJECT ADDED ENTRY--TOPICAL TERM
Topical term or geographic name entry element Evolution (Biology)
Form subdivision Juvenile literature
700 ## - ADDED ENTRY--PERSONAL NAME
Personal name Minister, Peter
Relator term Illustrator
942 ## - ADDED ENTRY ELEMENTS (KOHA)
Source of classification or shelving scheme
Koha item type Books - Non Ficton
Holdings
Withdrawn status Lost status Source of classification or shelving scheme Damaged status Not for loan Collection code Permanent Location Current Location Shelving location Date acquired Total Checkouts Full call number Barcode Date due Date last seen Date last checked out Price effective from Koha item type
          Non-Fiction KH8 Primary School Library KH8 Primary School Library Non Fiction 2023-10-16 4 567.9 RAK KHPL000004322 2023-12-18 2023-12-07 2023-12-07 2023-10-16 Books - Non Ficton

Powered By KH8 IT Dept